000 00648nam a22002177a 4500
003 OSt
005 20260330030830.0
008 260330b |||||||| |||| 00| 0 eng d
020 _a971086744
040 _aDwCL GS lib
_cOC
082 _aRes.(Fil.) 899.2112 S913 2007
100 _aCasanova, P. Arthur
245 _aSamu't Saring Dulang Pambata
_cArthur P. Casanova
260 _a Mandaluyong City
_bNational Book Store
_c2007.
300 _axii, 149 pages:
_billustrations
_c22cm.
546 _aFilipino
650 _aChildren's Literature
650 _aDrama/Theater
650 _aCultural
942 _2ddc
_cBK-0 CIRC
_hRes.(Fil.)
_n0
999 _c9296
_d9296